000 00588nam a22001457a 4500
005 20210915131812.0
008 210910b ||||| |||| 00| 0 eng d
082 0 4 _a341.66
_220
100 _aMinisterio del Interior y de Justicia
_9104494
245 _aJusticia transicional
_b5 años de ley de justicia y paz. Balance interinstitucional
260 _aBogotá
_bMinisterio del Interior y de Justicia
_c[fecha no identificada]
650 7 _aAdministración de justicia
_zColombia
_934123
650 7 _aPaz
_zColombia
_921206
942 _2DEWEY
_a8
_cLIBRO
_e1
_h341.66
_mM665j
_n0
999 _c319692
_d319692